000 00528nam a2200193Ia 4500
005 20250508163933.0
008 008 250505s9999 xx 000 0 eng d
020 _a0333-90260-2
037 _aTextual
040 _aFEDL
_beng
_cFEDL
041 _aeng
_2eng
084 _a891.441, TAG
_qFEDL
100 _aTagore Rabindranath
245 0 _aGitanjali: Song offerings
260 _aDelhi, India
_bMacmillan India Limited
_c2001
300 _a87p
942 _cTEXL
_h891.441, TAG
999 _c1386177
_d1386177